MARC

LEADER 00000nam0a2200000 4500
001 323766
005 20231102003612.0
035 |a (RuTPU)RU\TPU\book\349353 
090 |a 323766 
100 |a 20161027d1950 km y0rusy50 ca 
101 0 |a rus 
102 |a RU 
105 |a a z 001zy 
200 1 |a Вооруженный глаз (оптические приборы)  |f В. С. Сухоруких  |g под ред. С. О. Майзеля 
210 |a Москва  |c Военное изд-во  |d 1950 
215 |a 95 с.  |c ил. 
225 1 |a Научно-популярная библиотека солдата и матроса 
606 1 |a Оптические приборы  |2 stltpush  |3 (RuTPU)RU\TPU\subj\72545  |9 86015 
610 1 |a оптика 
610 1 |a глаз 
610 1 |a угол зрения 
610 1 |a микроскопы 
610 1 |a телескопы 
610 1 |a бинокли 
675 |a 681.7  |v 4 
700 1 |a Сухоруких  |b В. С.  |g Владимир Сергеевич 
702 1 |a Майзель  |b С. О.  |4 340 
801 1 |a RU  |b 63413507  |c 20161027 
801 2 |a RU  |b 63413507  |c 20200220  |g RCR 
942 |c BK